Diccionario de la literatura chilena
Gorde:
| Egile nagusia: | |
|---|---|
| Formatua: | Liburua |
| Hizkuntza: | gaztelania |
| Argitaratua: |
Santiago
Rumbos
1997
|
| Edizioa: | 3a. ed |
| Gaiak: | |
| Etiketak: |
Etiketa erantsi
Etiketarik gabe, Izan zaitez lehena erregistro honi etiketa jartzen!
|
MARC
| LEADER | 00000nam a2200000 a 4500 | ||
|---|---|---|---|
| 001 | UCQ7701 | ||
| 003 | CL-VaPUC | ||
| 008 | 981113e19970000CL |||||||||||||||||spa|d | ||
| 082 | 0 | 4 | |a 928.03 |b SZM |2 21 |
| 100 | 0 | |a Szmulewicz, Efraín |e author |9 421466 | |
| 245 | 1 | 0 | |a Diccionario de la literatura chilena |
| 250 | |a 3a. ed | ||
| 300 | |a 934 p | ||
| 942 | |c BK | ||
| 945 | |d 19981113 00:00:00 |a aarredon | ||
| 260 | |a Santiago |b Rumbos |c 1997 | ||
| 650 | 0 | |a Literatura chilena |x Autores |9 313893 | |
| 650 | 0 | |a Diccionarios |9 256200 | |
| 650 | 0 | |a Literatura chilena |9 308278 | |
| 650 | 0 | |a Biografías |9 255210 | |
| 583 | |a last modification |c 20160824 03:06:48 |k Rodrigo Vera | ||
| 999 | |c 277162 |d 277160 | ||
| 952 | |0 0 |1 0 |4 0 |6 928_030000000000000_SZM_1997 |7 0 |8 X |9 314966 |a BIBEDU |b BIBEDU |d 2019-11-20 |i 3480577 |o 928.03 SZM 1997 |p 3480577 |r 2023-01-13 |w 2019-11-20 |y BK_X |k LIT | ||
| 952 | |0 0 |1 0 |4 0 |6 928_030000000000000_SZM_1997 |7 0 |8 X |9 314967 |a BIBEDU |b BIBEDU |d 2019-11-20 |i 3542963 |o 928.03 SZM 1997 |p 3542963 |r 2023-01-13 |w 2019-11-20 |y BK_X |k LIT | ||
| 952 | |0 0 |1 0 |4 0 |6 928_030000000000000_SZM_1997 |7 0 |8 X |9 314968 |a BIBEDU |b BIBEDU |d 2019-11-20 |i 3753530 |o 928.03 SZM 1997 |p 3753530 |r 2019-11-20 |w 2019-11-20 |y BK_X |k LIT | ||